000 00658nam a2200241Ia 4500
003 OSt
005 20220918214416.0
006 a|||||r|||| 00| 0
007 ta
008 220917b |||||||| |||| 00| 0 eng d
024 _a137,330
037 _cTextual
040 _aARTS
_cARTS
_beng
041 _2eng
_aeng
082 _aXM2, L8
100 _aPevsner Ya
_9131215
245 0 _aState monopoly capitalism and labour theory of value tr from the Russian by Jane Sayer
260 _aMoscow
_bProgress Pub
_c1978
300 _a389p.
_ccm.
650 _aECONOMICS
942 _hXM2, L8
_cTEXL
_2CC
999 _c260412
_d260412